Quản trị tài chính doanh nghiệp

Cuốn sách Quản trị tài chính doanh nghiệp được viết nhằm mục tiêu cung cấp kiến thức và công cụ quản trị tài chính doanh nghiệp căn bản, là cơ sở để từng bước tiếp cận, giải quyết các vấn đề cụ thể trong nội dung quản trị tài chính d...

Ful tanımlama

Kaydedildi:
Detaylı Bibliyografya
Yazar: Đặng Thị Việt Đức
Diğer Yazarlar: Đinh Xuân Dũng
Materyal Türü: Kitap
Dil:Vietnamese
Baskı/Yayın Bilgisi: H. Thông tin và truyền thông 2020
Konular:
Etiketler: Etiketle
Etiket eklenmemiş, İlk siz ekleyin!
Thư viện lưu trữ: Thư viện Trường Đại học Nam Cần Thơ
LEADER 01215nam a22002057a 4500
001 NCT_136564
008 220616b xxu||||| |||| 00| 0 vie d
999 |c 7045  |d 7045 
020 |a 9786048044015  |c 95000 
082 0 4 |2 23rd ed.  |a 658.15  |b Đ552 
100 1 |a Đặng Thị Việt Đức 
245 1 0 |a Quản trị tài chính doanh nghiệp  |c Đặng Thị Việt Đức, Đinh Xuân Dũng 
260 |a H.  |b Thông tin và truyền thông  |c 2020 
300 |a 248 tr.  |b Minh họa  |c 24cm 
520 3 |a Cuốn sách Quản trị tài chính doanh nghiệp được viết nhằm mục tiêu cung cấp kiến thức và công cụ quản trị tài chính doanh nghiệp căn bản, là cơ sở để từng bước tiếp cận, giải quyết các vấn đề cụ thể trong nội dung quản trị tài chính doanh nghiệp 
653 |a Tài chính - ngân hàng 
700 1 |a Đinh Xuân Dũng 
942 |2 ddc  |c BK 
952 |0 0  |1 0  |2 ddc  |4 0  |6 658_150000000000000_Đ552  |7 0  |9 25137  |a 000001  |b 000001  |d 2022-06-16  |o 658.15 Đ552  |p MD.19831  |r 2022-06-16  |v 95000.00  |w 2022-06-16  |y BK 
980 |a Thư viện Trường Đại học Nam Cần Thơ